|
|
|
|
| LEADER |
00000nam0a2200000 4500 |
| 001 |
50804 |
| 005 |
20231101211253.0 |
| 010 |
|
|
|a 5060027031
|
| 035 |
|
|
|a (RuTPU)RU\TPU\book\53192
|
| 090 |
|
|
|a 50804
|
| 100 |
|
|
|a 20030421d2001 m y0rusy50 ca
|
| 101 |
0 |
|
|a rus
|
| 102 |
|
|
|a RU
|
| 105 |
|
|
|a a j 001zy
|
| 200 |
1 |
|
|a Оптическая и квантовая электроника
|e учебник
|f А. Н. Пихтин
|
| 210 |
|
|
|a Москва
|c Высшая школа
|d 2001
|
| 215 |
|
|
|a 573 с.
|c ил.
|
| 320 |
|
|
|a Библиогр.: с. 571.
|
| 606 |
1 |
|
|a Оптоэлектроника
|2 stltpush
|3 (RuTPU)RU\TPU\subj\47265
|9 66320
|
| 606 |
1 |
|
|a Электроника квантовая
|2 stltpush
|3 (RuTPU)RU\TPU\subj\20327
|9 45436
|
| 610 |
1 |
|
|a микроэлектроника
|
| 610 |
1 |
|
|a электромагнитные излучения
|
| 610 |
1 |
|
|a атомные системы
|
| 610 |
1 |
|
|a лазерные пучки
|
| 610 |
1 |
|
|a преобразования
|
| 610 |
1 |
|
|a распространение
|
| 610 |
1 |
|
|a полупроводники
|
| 610 |
1 |
|
|a оптические явления
|
| 610 |
1 |
|
|a мазеры
|
| 610 |
1 |
|
|a газовые лазеры
|
| 610 |
1 |
|
|a светодиоды
|
| 610 |
1 |
|
|a фотоприемники
|
| 610 |
1 |
|
|a учебники
|
| 675 |
|
|
|a 621.383(075.8)
|v 3
|
| 675 |
|
|
|a 621.373.826(075.8)
|v 3
|
| 700 |
|
1 |
|a Пихтин
|b А. Н.
|g Александр Николаевич
|
| 801 |
|
1 |
|a RU
|b 63413507
|c 20030421
|g PSBO
|
| 801 |
|
2 |
|a RU
|b 63413507
|c 20201029
|g PSBO
|
| 900 |
|
|
|a Оптоэлектроника
|
| 900 |
|
|
|a Основы квантовой электроники
|
| 900 |
|
|
|a Лазеры и их применение
|
| 900 |
|
|
|a Квантовая и оптическая электроника
|
| 900 |
|
|
|a Лазерная техника
|
| 942 |
|
|
|c BK
|
| 952 |
|
|
|a 550700
|b 190700
|